000 00301nam a22001457a 4500
008 210426b ||||| |||| 00| 0 eng d
020 _a0030897432
041 _aeng
080 _a330
082 _a330
100 _a52
101 _aEKO
245 _aBasic Economics
_cDolan,E.G
942 _2udc
_cBK
999 _c56707
_d56707